000 00460nam a2200181Ia 4500
008 100920s9999 xx 000 0 und d
082 _b78651
_a5 थ 98
100 _aBehera Hullasa.
245 _aBiju Patnaik.
260 _bPadhihari Gitanj alee , Harayana.
_c1998
300 _a198
_bसाधी
365 _b61
520 _aई.एल. ई.
630 _aBiju Patnaik.
650 _aई.एल. ई.
730 _aBiju Patnaik.
942 _cBOOK
999 _c719784
_d719781